000 00493cab a2200205 4500
001 X1175
008 090401t1993 xxu||||| |||| 00| 0 eng d
035 _a(Sirsi) u15214
041 _aeng
100 _aWeller, L.
245 _aCollecting the heart of old England
260 _c1993
350 _a0
490 _aCS Monthly : General Practice
_v3(3) November 1993, 8(1)
650 _aTREEN
650 _aWOOD
690 _aArts and antiques
_96217
942 _n0
948 _c04/03/1997
999 _c9950
_d9950